| 000 | 00632cas a2200205 i 4500 | ||
|---|---|---|---|
| 020 | _a9789251070703 | ||
| 022 | _a1810-0775 | ||
| 040 | _cCOD | ||
| 082 | _a333 HEA 2012 A035 Or. | ||
| 245 | 0 | 0 | _aDiversification booklet. |
| 246 | 1 | _aFAO diversification booklet | |
| 246 | 1 | _aFood and Agriculture Organization diversification booklet | |
| 300 |
_avolumes : _billustrations ; _c21 cm |
||
| 500 | _aEach issue also has a distinctive title. | ||
| 650 | 0 | _aAgricultural diversification | |
| 650 | 0 | _aFarms, Small | |
| 650 | 0 | _aAgriculture | |
| 710 | 2 | _aFood and Agriculture Organization of the United Nations. | |
| 942 | _cAEDBB | ||
| 999 |
_c20890 _d20890 |
||